Clubs de football par année de fondation - Statistiques

Statistiques générales
  • Ce quiz a été pris 123 fois
  • Le résultat moyen est 3 sur 15
Statistiques - réponses
Hint Réponse % Correct
Paris Saint-Germain 1970
74%
Olympique lyonnais 1950
33%
Celtic Glasgow 1887
30%
Manchester United 1878
28%
AC Milan 1899
24%
Dynamo Zagreb 1945
23%
Peñarol 1891
18%
Juventus 1897
17%
Real Madrid 1902
17%
Villareal 1923
17%
Borussia Dortmund 1909
14%
Bayern Munich 1900
11%
CSKA Moscou 1911
11%
Benfica 1904
10%
Chelsea 1905
8%
Aucun quiz correspondant
Distribution des résultats
% des personnes avec chaque résultat
Percentile par nombre de réponses
Votre historique - résultats
Vous n’avez pas pris ce quiz